Quetzal-Coátl : (Record no. 79645)

MARC details
000 -CABECERA
campo de control de longitud fija 00705nam a2200229 a 4500
005 - FECHA Y HORA DE LA ÚLTIMA TRANSACCIÓN
campo de control 20210223124049.0
008 - ELEMENTOS DE LONGITUD FIJA--INFORMACIÓN GENERAL
campo de control de longitud fija 010327b2004 r 000 0 spa d
020 ## - NÚMERO INTERNACIONAL NORMALIZADO PARA LIBROS
Número Internacional Estándar del Libro 9589747701
035 ## - NÚMERO DE CONTROL DEL SISTEMA
Número de control de sistema UPN01000105732
049 ## - COLECCIÓN
Colección I
050 #4 - SIGNATURA TOPOGRÁFICA DE LA BIBLIOTECA DEL CONGRESO
Número de clasificación PZ74.1
Número de documento/Ítem R5.7
100 1# - ASIENTO PRINCIPAL--NOMBRE PERSONAL
Nombre de persona Romero, Flor,
Fechas asociadas al nombre 1933-
245 10 - MENCIÓN DE TÍTULO
Título Quetzal-Coátl :
Resto del título el de la barba de ardilla /
Mención de responsabilidad, etc. Flor Romero ; il. Ana María Peña.
260 ## - PUBLICACIÓN, DISTRIBUCIÓN, ETC.
Lugar de publicación, distribución, etc. Bogotá :
Nombre del editor, distribuidor, etc. Uneda,
Fecha de publicación, distribución, etc. 2004.
300 ## - DESCRIPCIÓN FÍSICA
Extensión 107 p. :
Otras características físicas il.
440 #0 - MENCIÓN DE SERIE/ASIENTO SECUNDARIO--TÍTULO
Título Dos mil tres lunas ;
Designación de volumen o secuencia 4
500 ## - NOTA GENERAL
Nota general "A los niños de América"
500 ## - NOTA GENERAL
Nota general "Mitos, ritos y leyendas de América"
650 #4 - ASIENTO SECUNDARIO DE MATERIA - TERMINO TEMATICO
Término de materia o nombre geográfico como elemento de entrada LEYENDAS -
Subdivisión geográfica AMERICA
9 (RLIN) 6721
650 #4 - ASIENTO SECUNDARIO DE MATERIA - TERMINO TEMATICO
Término de materia o nombre geográfico como elemento de entrada LITERATURA INFANTIL LATINOAMERICANA
905 ## - TIPO DE MATERIAL
Tipo de material Infantil
Holdings
Estado de retiro Estado de pérdida Fuente del sistema de clasificación o colocación Estado dañado No para préstamo Código de colección Localización permanente Ubicación/localización actual Ubicación en estantería Fecha de adquisición Clasificación Código de barras Fecha visto por última vez Número de copia Tipo de ítem Koha
    Library of Congress Classification     Infantil Bib. Gregorio Torres Quintero Bib. Gregorio Torres Quintero Sala infantil Planta baja 10/05/2023 PZ74.1 R5.7 261293 31/12/2020 1 Libro